书目信息 |
| 题名: |
焊工应知应会问答
|
|
| 作者: | 张静政 著 | |
| 分册: | ||
| 出版信息: | 上海 上海科学技术文献出版社 1981.7 |
|
| 页数: | 289页 | |
| 开本: | 20cm | |
| 丛书名: | ||
| 单 册: | ||
| 中图分类: | TG4 | |
| 科图分类: | ||
| 主题词: | 焊接 , 切割 , 金属--粘接 | |
| 电子资源: | ||
| ISBN: | ||
| 000 | 00554nam0 2200205 45 | |
| 001 | 0312221749 | |
| 005 | 20060731081745.23 | |
| 010 | @dCNY1.25 | |
| 100 | @a20031222d1981 km y0chiy0120 ea | |
| 101 | @achi | |
| 200 | 1 | @a焊工应知应会问答@AHan Gong Ying Zhi Ying Hui Wen Da@e2-5级焊工@f张静政著@FZhang Jing Zheng Zhu |
| 210 | @a上海@c上海科学技术文献出版社@d1981.7 | |
| 215 | @a289页@d20cm | |
| 606 | 0 | @a焊接 |
| 606 | 0 | @a切割 |
| 606 | 0 | @a金属@x粘接 |
| 690 | @aTG4@v3 | |
| 701 | 0 | @a张静政@4著 |
| 801 | @aCN@bTSTCL@c20060731 | |
| 905 | @a213230@dTG4@e1 | |
| 焊工应知应会问答:2-5级焊工/张静政著.-上海:上海科学技术文献出版社,1981.7 |
| 289页;20cm |
| ISBN :CNY1.25 |
| ● |
| 相关链接 |
|
|
|
|
正题名:焊工应知应会问答
索取号:TG4/1
 
预约/预借
| 序号 | 登录号 | 条形码 | 馆藏地/架位号 | 状态 | 备注 |
| 1 | 0067900 | 202340029 | 密集书库/ [索取号:TG4/1] | 在馆 | |
| 2 | 0067901 | 202340065 | 密集书库/ [索取号:TG4/1] | 在馆 | |
| 3 | 0067902 | 202340109 | 密集书库/ [索取号:TG4/1] | 在馆 | |
| 4 | 0067903 | 001652857 | 第三借阅区/ [索取号:TG4/1] | 在馆 | |
| 5 | 0067904 | 001363198 | 第二样本阅览室/ [索取号:TG4/1] | 在馆 | |
| 6 | 0438485 | 204384852 | 密集书库/ [索取号:TG4/1] | 在馆 | |
| 7 | 0439039 | 204390391 | 密集书库/ [索取号:TG4/1] | 在馆 | |
| 8 | 0439040 | 204390408 | 密集书库/ [索取号:TG4/1] | 在馆 |